East Yorkshire Places - Sudden Death - Statistics

General Stats
  • This quiz has been taken 52 times
  • The average score is 5 of 10
Answers on the Grid
Answers color-coded by a green-red scale on the quiz's grid according to % correct below.
Beverley
Brighouse
Brough
Buxton
Camberley
Chester
Driffield
Goole
Hornsea
Howden
Kingston upon Hull
Knaresborough
Ludlow
Market Weighton
Pocklington
Ryde
Scunthorpe
Selby
Wetherby
Withernsea
 
Answer Stats
Answer % Correct
Kingston upon Hull
88%
Beverley
67%
Hornsea
61%
Goole
58%
Driffield
48%
Brough
45%
Withernsea
45%
Pocklington
39%
Howden
33%
Market Weighton
33%
No matching quizzes found
Score Distribution
Percent of People with Each Score
Percentile by Number Answered
Your Score History
You have not taken this quiz